[Event "Oberliga Wuerttemberg 2122"]
[Site "Wuerttemberg"]
[Date "2022.05.15"]
[Round "9.4"]
[White "Degenhard, Simon"]
[Black "Trachtmann, Mark"]
[Result "1/2-1/2"]
[WhiteElo "2234"]
[BlackElo "2238"]
[PlyCount "24"]
[EventDate "2021.09.19"]
[EventType "team-tourn"]
[EventRounds "9"]
[EventCountry "GER"]
[SourceTitle "EXT 2024"]
[Source "ChessBase"]
[SourceDate "2023.10.10"]
[SourceVersion "1"]
[SourceVersionDate "2023.10.10"]
[SourceQuality "1"]
[WhiteTeam "Heilbronn"]
[BlackTeam "Schmiden/Cannstatt"]
[WhiteTeamCountry "GER"]
[BlackTeamCountry "GER"]

1. e4 e6 2. d4 d5 3. Nc3 dxe4 4. Nxe4 Be7 5. Nf3 Nf6 6. Bd3 b6 7. Nxf6+ gxf6 8. Bf4 Bb7 9. Qe2 Nc6 10. c3 Bd6 11. Bg3 Qe7 12. 0-0 0-0-0 1/2-1/2

[Event "Oberliga Wuerttemberg 1819"]
[Site "Wuerttemberg"]
[Date "2019.03.24"]
[Round "8"]
[White "Trachtmann, Mark"]
[Black "Braeuning, Rudolf Wilhelm"]
[Result "1-0"]
[WhiteElo "2271"]
[BlackElo "2273"]
[PlyCount "63"]
[EventDate "2018.09.23"]
[EventType "team-tourn"]
[EventRounds "9"]
[EventCountry "GER"]
[SourceTitle "EXT 2020"]
[Source "ChessBase"]
[SourceDate "2019.10.17"]
[SourceVersion "1"]
[SourceVersionDate "2019.10.17"]
[SourceQuality "1"]
[WhiteTeam "Schmiden Cannstatt"]
[BlackTeam "Bebenhausen"]
[WhiteTeamCountry "GER"]
[BlackTeamCountry "GER"]

1. d4 Nf6 2. c4 e6 3. Nc3 Bb4 4. e3 0-0 5. Nge2 c6 6. a3 Ba5 7. b4 Bc7 8. d5 exd5 9. cxd5 Nxd5 10. Nxd5 cxd5 11. Qxd5 Qf6 12. Nd4 Nc6 13. Bb2 Be5 14. Rd1 d6 15. Be2 a5 16. b5 Be6 17. Qf3 Nxd4 18. Bxd4 Qxf3 19. Bxf3 Bc4 20. b6 Ba6 21. Kd2 Rfc8 22. Rc1 Bxd4 23. exd4 Rc4 24. Rxc4 Bxc4 25. Bxb7 Rb8 26. Rc1 d5 27. Re1 Kf8 28. Bc6 g6 29. b7 h5 30. Re8+ Rxe8 31. Bxe8 Kxe8 32. b8Q+ 1-0

[Event "Oberliga Wuerttemberg 1718"]
[Site "Wuerttemberg"]
[Date "2017.12.10"]
[Round "5"]
[White "Trachtmann, Mark"]
[Black "Ludwig, Sebastian"]
[Result "1/2-1/2"]
[WhiteElo "2273"]
[BlackElo "2028"]
[PlyCount "29"]
[EventDate "2017.09.17"]
[EventType "team-tourn"]
[EventRounds "9"]
[EventCountry "GER"]
[SourceTitle "EXT 2019"]
[Source "ChessBase"]
[SourceDate "2018.10.10"]
[SourceVersion "1"]
[SourceVersionDate "2018.10.10"]
[SourceQuality "1"]
[WhiteTeam "Schmiden Cannstatt"]
[BlackTeam "Stuttgart Wolfbusch"]
[WhiteTeamCountry "GER"]
[BlackTeamCountry "GER"]

1. d4 e6 2. c4 Nf6 3. Nc3 Bb4 4. Qc2 0-0 5. Nf3 d5 6. a3 Bxc3+ 7. Qxc3 dxc4 8. Qxc4 b6 9. g3 Bb7 10. Bg2 Bd5 11. Qa4 c5 12. dxc5 Nbd7 13. Be3 Nxc5 14. Bxc5 bxc5 15. b4 1/2-1/2

[Event "GER CupT 1617 prel7"]
[Site "Sasbach"]
[Date "2017.01.28"]
[Round "1.2"]
[White "Trachtmann, Mark"]
[Black "Boidman, Yuri"]
[Result "1-0"]
[WhiteElo "2326"]
[BlackElo "2331"]
[PlyCount "85"]
[EventDate "2017.01.28"]
[EventType "team-k.o."]
[EventRounds "2"]
[EventCountry "GER"]
[SourceTitle "EXT 2019"]
[Source "ChessBase"]
[SourceDate "2018.10.10"]
[SourceVersion "1"]
[SourceVersionDate "2018.10.10"]
[SourceQuality "1"]
[WhiteTeam "Schmiden Cannstatt"]
[BlackTeam "Heimbach Weis/Neuwied"]
[WhiteTeamCountry "GER"]
[BlackTeamCountry "GER"]

1. d4 d5 2. c4 c6 3. e3 Nf6 4. Nf3 Bf5 5. Nc3 e6 6. Be2 h6 7. 0-0 Nbd7 8. Ne5 Nxe5 9. dxe5 Nd7 10. f4 Bc5 11. cxd5 cxd5 12. Bd2 0-0 13. Na4 Be7 14. Rc1 a6 15. b4 b5 16. Nc5 Nb6 17. Bc3 Bxc5 18. bxc5 Na4 19. Bd4 Rc8 20. Qd2 Qe7 21. Qa5 Rc6 22. Bxb5 axb5 23. Qxb5 Rcc8 24. Qxa4 Ra8 25. Qb3 Rfb8 26. Qc3 Rxa2 27. Rf2 Rba8 28. Qb3 Rxf2 29. Kxf2 Qh4+ 30. Kg1 Be4 31. Qb2 Ra6 32. h3 Rc6 33. Kh2 g5 34. Rf1 Qh5 35. g4 Qg6 36. Qb7 Bd3 37. Rf2 h5 38. Qxc6 hxg4 39. Qe8+ Kg7 40. Qe7 g3+ 41. Kxg3 gxf4+ 42. Kxf4 Qg1 43. Qg5+ 1-0

[Event "Oberliga Wuerttemberg 1617"]
[Site "Wuerttemberg"]
[Date "2016.12.04"]
[Round "5.2"]
[White "Neyman, Igor"]
[Black "Trachtmann, Mark"]
[Result "1/2-1/2"]
[WhiteElo "2274"]
[BlackElo "2317"]
[PlyCount "82"]
[EventDate "2016.09.25"]
[EventType "team-tourn"]
[EventRounds "11"]
[EventCountry "GER"]
[SourceTitle "EXT 2019"]
[Source "ChessBase"]
[SourceDate "2018.10.10"]
[SourceVersion "1"]
[SourceVersionDate "2018.10.10"]
[SourceQuality "1"]
[WhiteTeam "Stuttgart SF"]
[BlackTeam "Schmiden Cannstatt"]
[WhiteTeamCountry "GER"]
[BlackTeamCountry "GER"]

1. d4 d5 2. Nf3 Nf6 3. c4 e6 4. Nc3 Be7 5. Bg5 0-0 6. e3 Nbd7 7. cxd5 exd5 8. Bd3 c6 9. Qc2 Re8 10. 0-0 Nf8 11. h3 h6 12. Bxf6 Bxf6 13. b4 Be6 14. Na4 Qd6 15. Rab1 Rec8 16. Rfc1 Nd7 17. Qd2 b6 18. Rc2 Be7 19. Qc1 c5 20. bxc5 bxc5 21. dxc5 Nxc5 22. Nxc5 Rxc5 23. Rxc5 Qxc5 24. Qxc5 Bxc5 25. Kf1 Bb6 26. Nd4 Rc8 27. Ke2 Kf8 28. Kd2 Ke7 29. Rc1 Rxc1 30. Kxc1 Bd7 31. Kb2 Ba5 32. Bb5 Bb6 33. a4 Bxd4+ 34. exd4 a5 35. Kc3 Kd6 36. Bxd7 Kxd7 37. Kd3 Kd6 38. Ke2 g5 39. f4 f6 40. Kf3 h5 41. g4 h4 1/2-1/2

[Event "Oberliga Wuerttemberg 1617"]
[Site "Wuerttemberg"]
[Date "2016.10.30"]
[Round "3.1"]
[White "Trachtmann, Mark"]
[Black "Pikula, Dejan"]
[Result "1-0"]
[WhiteElo "2317"]
[BlackElo "2433"]
[PlyCount "83"]
[EventDate "2016.09.25"]
[EventType "team-tourn"]
[EventRounds "11"]
[EventCountry "GER"]
[SourceTitle "EXT 2019"]
[Source "ChessBase"]
[SourceDate "2018.10.10"]
[SourceVersion "1"]
[SourceVersionDate "2018.10.10"]
[SourceQuality "1"]
[WhiteTeam "Schmiden Cannstatt"]
[BlackTeam "Jedesheim"]
[WhiteTeamCountry "GER"]
[BlackTeamCountry "GER"]

1. d4 Nf6 2. c4 e6 3. Nc3 Bb4 4. e3 0-0 5. Nge2 Re8 6. a3 Bf8 7. Ng3 d6 8. Be2 Nbd7 9. 0-0 g6 10. f4 c5 11. dxc5 dxc5 12. e4 Nb8 13. e5 Nfd7 14. Nge4 Nc6 15. Be3 Be7 16. Nb5 Rf8 17. Bf3 a6 18. Nbd6 Qc7 19. Qd2 Rd8 20. Rad1 f5 21. exf6 Nxf6 22. Nxf6+ Bxf6 23. b4 cxb4 24. axb4 Be7 25. c5 Bd7 26. Qc3 Rf8 27. Qc4 Nd8 28. Rfe1 Bc6 29. Bg4 Rf6 30. Rd2 h5 31. Bh3 Bxd6 32. cxd6 Qf7 33. d7 Kh7 34. Red1 Qf8 35. g3 Bd5 36. Qc8 Nc6 37. Qxb7 Ne5 38. Rxd5 exd5 39. Bc5 Rf7 40. Bb6 Rd8 41. Qc7 Rfxd7 42. Bxd7 1-0

[Event "Oberliga Wuerttemberg 1516"]
[Site "Wuerttemberg"]
[Date "2016.01.31"]
[Round "6.2"]
[White "Braeuning, Rudolf Wilhelm"]
[Black "Trachtmann, Mark"]
[Result "0-1"]
[WhiteElo "2292"]
[BlackElo "2289"]
[PlyCount "84"]
[EventDate "2015.09.20"]
[EventType "team-tourn"]
[EventRounds "9"]
[EventCountry "GER"]
[SourceTitle "EXT 2019"]
[Source "ChessBase"]
[SourceDate "2018.10.10"]
[SourceVersion "1"]
[SourceVersionDate "2018.10.10"]
[SourceQuality "1"]
[WhiteTeam "Bebenhausen"]
[BlackTeam "Schmiden Cannstatt"]
[WhiteTeamCountry "GER"]
[BlackTeamCountry "GER"]

1. c4 g6 2. Nc3 Bg7 3. g3 e5 4. e4 d6 5. Bg2 Be6 6. Nge2 Nc6 7. d3 Qd7 8. 0-0 f5 9. exf5 gxf5 10. Nd5 Nf6 11. Rb1 0-0 12. b4 Nd8 13. d4 c6 14. Nxf6+ Bxf6 15. d5 Bf7 16. Bb2 cxd5 17. Bxd5 Bxd5 18. Qxd5+ Qe6 19. Rfd1 Be7 20. f4 Qxd5 21. Rxd5 Nc6 22. fxe5 Nxb4 23. Rb5 dxe5 24. Ba3 a5 25. Rxe5 Bd6 26. Rb5 b6 27. Bb2 Rae8 28. Nd4 Bc5 29. Kf1 f4 30. g4 f3 31. Nf5 h5 32. h3 f2 33. Bd4 Rxf5 34. Bxc5 Rxc5 35. Rxc5 bxc5 36. Kxf2 hxg4 37. a3 Nd3+ 38. Kg3 gxh3 39. Rb5 Re3+ 40. Kh2 Ne5 41. Rxc5 Ng4+ 42. Kg1 Re1# 0-1

[Event "Oberliga Wuerttemberg 1516"]
[Site "Wuerttemberg"]
[Date "2016.01.17"]
[Round "5.2"]
[White "Trachtmann, Mark"]
[Black "Hirneise, Tobias"]
[Result "0-1"]
[WhiteElo "2289"]
[BlackElo "2430"]
[PlyCount "52"]
[EventDate "2015.09.20"]
[EventType "team-tourn"]
[EventRounds "9"]
[EventCountry "GER"]
[SourceTitle "EXT 2019"]
[Source "ChessBase"]
[SourceDate "2018.10.10"]
[SourceVersion "1"]
[SourceVersionDate "2018.10.10"]
[SourceQuality "1"]
[WhiteTeam "Schmiden Cannstatt"]
[BlackTeam "Deizisau"]
[WhiteTeamCountry "GER"]
[BlackTeamCountry "GER"]

1. d4 Nf6 2. c4 e6 3. Nc3 Bb4 4. e3 0-0 5. Nge2 Re8 6. a3 Bf8 7. Nf4 d6 8. Be2 e5 9. dxe5 dxe5 10. Qxd8 Rxd8 11. Nfd5 Ne8 12. Nb4 c6 13. Nd3 f6 14. 0-0 Be6 15. b3 a5 16. a4 Na6 17. Rd1 Nec7 18. Ba3 Bxa3 19. Rxa3 Bf5 20. Raa1 Ne6 21. e4 Bg6 22. Kf1 Nec5 23. f4 Nxd3 24. Bxd3 exf4 25. Kf2 Nc5 26. Bc2 Bh5 0-1

[Event "Oberliga Wuerttemberg 1516"]
[Site "Wuerttemberg"]
[Date "2015.12.13"]
[Round "4.2"]
[White "Jurek, Josef"]
[Black "Trachtmann, Mark"]
[Result "1/2-1/2"]
[WhiteElo "2281"]
[BlackElo "2289"]
[PlyCount "45"]
[EventDate "2015.09.20"]
[EventType "team-tourn"]
[EventRounds "9"]
[EventCountry "GER"]
[SourceTitle "EXT 2019"]
[Source "ChessBase"]
[SourceDate "2018.10.10"]
[SourceVersion "1"]
[SourceVersionDate "2018.10.10"]
[SourceQuality "1"]
[WhiteTeam "Schwaebisch Gmuend"]
[BlackTeam "Schmiden Cannstatt"]
[WhiteTeamCountry "GER"]
[BlackTeamCountry "GER"]

1. Nf3 g6 2. d4 Bg7 3. c4 d6 4. g3 Nf6 5. Nc3 0-0 6. Bg2 c6 7. 0-0 Qc7 8. h3 Nbd7 9. e4 e5 10. Be3 Re8 11. Rc1 exd4 12. Nxd4 Nc5 13. Qc2 Qe7 14. Rfe1 a5 15. b3 Bd7 16. f3 Nh5 17. Kh2 g5 18. Qd2 h6 19. Rcd1 a4 20. b4 Na6 21. a3 Nc7 22. Bf2 Be5 23. Nde2 1/2-1/2

[Event "BL2-Sued 1415"]
[Site "Germany"]
[Date "2015.03.15"]
[Round "8.3"]
[White "Weber, Ulrich"]
[Black "Trachtmann, Mark"]
[Result "0-1"]
[WhiteElo "2424"]
[BlackElo "2300"]
[PlyCount "78"]
[EventDate "2014.09.21"]
[EventType "team-tourn"]
[EventRounds "9"]
[EventCountry "GER"]
[SourceTitle "CBM 166 Extra"]
[Source "ChessBase"]
[SourceDate "2015.06.18"]
[SourceVersion "1"]
[SourceVersionDate "2015.06.18"]
[SourceQuality "1"]
[WhiteTeam "Hofheim"]
[BlackTeam "Schmiden Cannstatt"]
[WhiteTeamCountry "GER"]
[BlackTeamCountry "GER"]

1. Nf3 g6 2. g3 Bg7 3. d4 d6 4. Bg2 Nc6 5. 0-0 e5 6. d5 Nce7 7. c4 f5 8. Nc3 Nf6 9. Qb3 h6 10. c5 0-0 11. cxd6 cxd6 12. Nd2 Kh7 13. Nc4 Ne8 14. f4 e4 15. Rd1 Nc7 16. Na3 b5 17. Be3 Rb8 18. Nc2 a5 19. a3 Bxc3 20. Qxc3 Ncxd5 21. Qd4 Be6 22. Bf2 Bf7 23. Rac1 Qd7 24. Qd2 b4 25. axb4 axb4 26. Ra1 Rb7 27. Ra6 Rd8 28. Nd4 Nb6 29. b3 Nbd5 30. Nc2 Nc3 31. Rxd6 Qxd6 32. Qxd6 Rxd6 33. Rxd6 Bxb3 34. Nxb4 Nxe2+ 35. Kf1 Bc4 36. Ke1 Rxb4 37. Rd7 Rb1+ 38. Kd2 Rb2+ 39. Ke3 Rb3+ 0-1

[Event "BL2-Sued 1415"]
[Site "Germany"]
[Date "2014.12.07"]
[Round "4.3"]
[White "Legde, Georg"]
[Black "Trachtmann, Mark"]
[Result "1/2-1/2"]
[WhiteElo "2339"]
[BlackElo "2300"]
[PlyCount "62"]
[EventDate "2014.09.21"]
[EventType "team-tourn"]
[EventRounds "9"]
[EventCountry "GER"]
[SourceTitle "CBM 166 Extra"]
[Source "ChessBase"]
[SourceDate "2015.06.18"]
[SourceVersion "1"]
[SourceVersionDate "2015.06.18"]
[SourceQuality "1"]
[WhiteTeam "Moerlenbach Birkenau"]
[BlackTeam "Schmiden Cannstatt"]
[WhiteTeamCountry "GER"]
[BlackTeamCountry "GER"]

1. d4 g6 2. c4 Bg7 3. Nc3 d6 4. e4 Nc6 5. Be3 e5 6. d5 Nce7 7. g4 f5 8. gxf5 gxf5 9. Qh5+ Kf8 10. Bh3 Nf6 11. Qf3 f4 12. Bd2 Kf7 13. 0-0-0 a6 14. Qd3 Bxh3 15. Nxh3 Bh6 16. Rhg1 Qd7 17. Ng5+ Bxg5 18. Rxg5 Rag8 19. Rdg1 h6 20. Rxg8 Rxg8 21. Rxg8 Kxg8 22. h3 Qe8 23. c5 Qd7 24. b4 Kf7 25. a4 Qc8 26. Kc2 Qg8 27. b5 axb5 28. Nxb5 Qd8 29. Ba5 b6 30. cxb6 cxb6 31. Bb4 Ne8 1/2-1/2

[Event "Oberliga Wuerttemberg 1213"]
[Site "Wuerttemberg"]
[Date "2013.03.24"]
[Round "8.1"]
[White "Altenhof, Martin"]
[Black "Trachtmann, Mark"]
[Result "0-1"]
[WhiteElo "2118"]
[BlackElo "2271"]
[PlyCount "102"]
[EventDate "2012.09.30"]
[EventType "team-tourn"]
[EventRounds "9"]
[EventCountry "GER"]
[SourceTitle "EXT 2019"]
[Source "ChessBase"]
[SourceDate "2018.10.10"]
[SourceVersion "1"]
[SourceVersionDate "2018.10.10"]
[SourceQuality "1"]
[WhiteTeam "Pfullingen"]
[BlackTeam "Schmiden Cannstatt"]
[WhiteTeamCountry "GER"]
[BlackTeamCountry "GER"]

1. Nf3 g6 2. c4 Bg7 3. g3 e5 4. Nc3 Nc6 5. Bg2 d6 6. d3 Be6 7. Rb1 Qc8 8. b4 Bh3 9. Bxh3 Qxh3 10. b5 Nd4 11. Nxd4 exd4 12. Nd5 Qd7 13. 0-0 h5 14. e3 c6 15. bxc6 bxc6 16. Nf4 dxe3 17. Re1 Ne7 18. Rxe3 0-0 19. Bb2 Nf5 20. Re4 Bxb2 21. Rxb2 Rab8 22. Qa1 d5 23. cxd5 cxd5 24. Reb4 Rxb4 25. Rxb4 d4 26. Qc1 Rc8 27. Rc4 Rxc4 28. Qxc4 Kg7 29. h4 Qd6 30. Qd5 Kf6 31. Kf1 Qxd5 32. Nxd5+ Ke6 33. Nc7+ Kd7 34. Nb5 a6 35. Na3 Kc6 36. Ke2 Kc5 37. Nc2 f6 38. Kf3 a5 39. Kf4 Ne7 40. Ke4 Nf5 41. a4 Nd6+ 42. Kf4 Kd5 43. g4 hxg4 44. Kxg4 Nf7 45. f4 Nh6+ 46. Kh3 Kc5 47. Kg3 Nf5+ 48. Kg4 Ne3+ 49. Nxe3 dxe3 50. Kf3 Kd4 51. f5 Kxd3 0-1

[Event "Oberliga Wuerttemberg 1112"]
[Site "Wuerttemberg"]
[Date "2012.02.05"]
[Round "6.2"]
[White "Naegele, Thomas"]
[Black "Trachtmann, Mark"]
[Result "1/2-1/2"]
[WhiteElo "2183"]
[BlackElo "2314"]
[PlyCount "56"]
[EventDate "2011.10.09"]
[EventType "team-tourn"]
[EventRounds "9"]
[EventCountry "GER"]
[SourceTitle "EXT 2019"]
[Source "ChessBase"]
[SourceDate "2018.10.10"]
[SourceVersion "1"]
[SourceVersionDate "2018.10.10"]
[SourceQuality "1"]
[WhiteTeam "Pfullingen"]
[BlackTeam "Schmiden Cannstatt"]
[WhiteTeamCountry "GER"]
[BlackTeamCountry "GER"]

1. e4 g6 2. d4 Bg7 3. Nc3 d6 4. Be2 Nc6 5. Be3 e5 6. dxe5 Nxe5 7. Qd2 a6 8. h3 Be6 9. Nf3 Nc4 10. Bxc4 Bxc4 11. Nd4 Nf6 12. b3 Be6 13. 0-0 0-0 14. Bh6 c5 15. Bxg7 Kxg7 16. Nde2 b5 17. Qf4 b4 18. Na4 Bd7 19. Nb2 Bb5 20. Rfe1 Nh5 21. Qd2 Rc8 22. c4 Bc6 23. f3 Qe7 24. Rad1 Rcd8 25. Nd3 Kg8 26. Ndf4 Ng7 27. Nc1 g5 28. Nd5 Bxd5 1/2-1/2

[Event "BL2-Sued 1011"]
[Site "Germany"]
[Date "2011.04.11"]
[Round "9.3"]
[White "Trachtmann, Mark"]
[Black "Chernov, Vadim A"]
[Result "1/2-1/2"]
[WhiteElo "2321"]
[BlackElo "2436"]
[PlyCount "78"]
[EventDate "2010.10.10"]
[EventType "team-tourn"]
[EventRounds "9"]
[EventCountry "GER"]
[SourceTitle "EXT 2012"]
[Source "ChessBase"]
[SourceDate "2011.11.24"]
[SourceVersion "1"]
[SourceVersionDate "2011.11.24"]
[SourceQuality "1"]
[WhiteTeam "Schmiden Cannstatt"]
[BlackTeam "Heidelberg Handschuhsheim"]
[WhiteTeamCountry "GER"]
[BlackTeamCountry "GER"]

1. d4 Nf6 2. c4 Nc6 3. Nf3 e6 4. a3 d6 5. Nc3 g6 6. e4 Bg7 7. Be2 0-0 8. 0-0 Re8 9. Be3 e5 10. d5 Nd4 11. Nxd4 exd4 12. Bxd4 Nxe4 13. Bxg7 Kxg7 14. Nxe4 Rxe4 15. Bd3 Rd4 16. Qc2 Qf6 17. Rae1 Bd7 18. Re3 Re8 19. Qc3 Rf4 20. Qxf6+ Kxf6 21. Rfe1 Rxe3 22. fxe3 Rg4 23. Rf1+ Kg7 24. Rf4 Rg5 25. Kf2 Re5 26. h4 f5 27. b3 a5 28. a4 h6 29. Rd4 g5 30. g3 Kf6 31. Bc2 Re8 32. Bd3 Ke5 33. Be2 Rf8 34. Bf3 Be8 35. Rd1 gxh4 36. gxh4 Rg8 37. Rd4 Bd7 38. Rf4 c5 39. Kf1 Rg6 1/2-1/2